| 000 | 00522nam a2200169 4500 | ||
|---|---|---|---|
| 001 | 132022 | ||
| 003 | ES-MaACL | ||
| 005 | 20230906194105.0 | ||
| 007 | t| | ||
| 008 | 070214s1965 cu r ||||1| spa d | ||
| 100 | 1 |
_aRoig de Leuchsenring, Emilio. _999010 |
|
| 245 | 1 | 0 |
_aMédicos y medicina en Cuba / _cEmilio Roig de Leuchsenring. |
| 260 |
_aLa Habana : _bAcademia de Ciencias de Cuba, _c1965. |
||
| 300 |
_a269 p. ; _c19 cm. |
||
| 710 | 2 |
_aAcademia de Ciencias de Cuba. _91165 |
|
| 852 |
_aES-MaACL _jC-51569 _bR.67667 |
||
| 999 |
_c132022 _d132022 |
||